000
00352 a2200169 4500
001
163115
020
_a
85-7319-128-7
040
_c
Magnum
100
_a
Ramos, Roberto Carlos
240
1
0
_a
Marambaia
_l
por
245
1
0
_a
Marambaia
300
_a
56
362
0
_a
1995
440
1
_a
Dimensão
697
_a
LITERATURA INFANTO-JUVENIL
942
_c
BK
999
_c
163115
_d
163115